Axiom of choice /
Guardado en:
| Autor Principal: | |
|---|---|
| Formato: | Libro |
| Idioma: | English |
| Publicado: |
Berlin ; New York :
Springer,
c2006.
|
| Series: | Lecture notes in mathematics (Springer-Verlag) ;
1876. |
| Materias: | |
| Acceso en línea: | Publisher description |
| Etiquetas: |
Agregar Etiqueta
Sin Etiquetas, Sea el primero en etiquetar este registro!
|
| LEADER | 01163cam a22003254a 4500 | ||
|---|---|---|---|
| 001 | EEO.eeo001032 | ||
| 008 | 060203s2006####gw#a###g#b####001#0#eng#c | ||
| 005 | 20160404130647.0 | ||
| 245 | 1 | 0 | |a Axiom of choice / |c Horst Herrlich. |
| 260 | |a Berlin ; |a New York : |b Springer, |c c2006. | ||
| 300 | |a xiv, 194 p. : |b il. ; |c 24 cm. | ||
| 490 | 1 | |a Lecture notes in mathematics, |x 0075-8434 ; |v 1876 | |
| 504 | |a Incluye referencias bibliográficas e índice. | ||
| 020 | |a 3540309896 (pbk.) | ||
| 020 | |a 9783540309895 | ||
| 100 | 1 | |a Herrlich, Horst. | |
| 830 | 0 | |a Lecture notes in mathematics (Springer-Verlag) ; |v 1876. | |
| 650 | 7 | |a Teoría de juegos. |2 Isoc | |
| 650 | 7 | |a Teoría de la decisión. |2 Isoc | |
| 650 | 7 | |a Teoría económica. |2 Isoc | |
| 650 | 7 | |a Teoría matemática. |2 Isoc | |
| 653 | |a Economía matemática | ||
| 010 | |a 2006921740 | ||
| 016 | 7 | |a 977134369 |2 GyFmDB | |
| 040 | |a OHX |c OHX |d ZCU |d DLC | ||
| 050 | 0 | 0 | |a QA248 |b .H435 2006 |
| 050 | 1 | 4 | |a QA3 |b .L28 no. 1876 |
| 072 | |a QA |2 lcco | ||
| 856 | 4 | 2 | |3 Publisher description |u http://www.loc.gov/catdir/enhancements/fy0663/2006921740-d.html |
| 859 | |a AR-BaUEB |b BIB. ECONOMIA - General |h 330.1543 |i H426 |p e13974 | ||
